| 000 | 00714nam a22002177a 4500 | ||
|---|---|---|---|
| 003 | BUBTL | ||
| 008 | 160210b xxu||||| |||| 00| 0 eng d | ||
| 020 | _a9788185749143 | ||
| 082 | _a621.302/ G9592c/ 2008 | ||
| 100 |
_9390 _aGupta,J.B. |
||
| 245 |
_aA Course in Electrical Technology : Electrical Machines (Volume-II ) / _cJ.B.Gupta |
||
| 250 | _a12th Edn. | ||
| 260 |
_aDelhi: _bS.K.Kataria & Sons, _cc2008 |
||
| 300 |
_a745 p.: _bill.; _c28 cm. |
||
| 500 | _aIncludes Index | ||
| 505 | _aElectrical Technology, A Course in Electrical Technology, J.B. Gupta | ||
| 650 | 0 |
_94295 _aElectrical and Electronic Engineering |
|
| 856 |
_k0 _l0 _yDownload |
||
| 942 |
_2ddc _cBK |
||
| 999 |
_c5162 _d5162 |
||